1168 1945 1586 1665 1299 1813 1135 1692 1612 1355 1857 1976 1965 1243 1530 1236 1561 1425 1783 1893 1991 1555 1902 1648 1928 1046 1086 1383 1693 1226 1716 1921 1644 1423 1435 1509 1020 1551 1311 1436 1201 1022 1506 1338 1031 1421 1026 1024 1688 1097 1763 1548 1671 1706 1297 1221 1626 1787 1649 1330 1689 1428 1093 1385 1900 1904 1089 1447 1551 1743 1295 1348 1207 1052 1259 1537 1133 1663 1418 1007 1532 1981 1363 1381 1580 1764 1087 1796 1246 1150 1231 1453 1653 1591 1164 1389 1510 1317 1797 BCNSPRNW ULIB Ver.6.0+V

เปลี่ยนเป็นภาษาไทย

Change to English
 แสดงรายละเอียดบรรณานุกรม
  กลับหน้าหลัก

Brief Record : Get Marc (ISO 2709) : E-mail record : QR code < ปิดหน้าต่าง
LEADER : 00000nam 2200000uu 4500
001    13399120963
003     ULIB
008    121029s2549||||th 000 0 tha d
020    ^a9749508734
060 04 ^aWD210^bส790ก 2549
245 10 ^aการรักษาโรคอ้วนสำหรับแพทย์เวชปฏิบัติ /^cบรรณาธิการ,สุรเกียรติ อาชานานุภาพ
250    ^aพิมพ์ครั้งที่ 1
260    ^aกรุงเทพฯ :^bหมอชาวบ้าน,^c2549
300    ^a88 หน้า :^bภาพประกอบ ;^c21 ซม.
650  7 ^aโรคอ้วน^xการรักษา
700 0  ^aสุรเกียรติ อาชานานุภาพ,^eบรรณาธิการ
945    ^p0^l0^i15133
995    ^aกัณชพร
999 ^a ใช้งานได้ทุกระบบ
รายการนี้ยังไม่มีแท็ก
คุณยังไม่ได้ล็อกอิน คุณสามารถมีกิจกรรมร่วมกับเว็บไซต์ได้ แต่ต้องล็อกอินก่อน ::
  ล็อกอิน

รายการสื่อสารสนเทศ

ลำดับที่ ประเภท เลขเรียก/บาร์โค้ด สถานที่ สถานะ
1. วิทยาศาสตร์การแพทย์ และสุขภาพ
วิทยาศาสตร์การแพทย์ และสุขภาพ
WD210 ส790ก 2549  
  Barcode: 15133
ห้องสมุดวิทยาเขตสวรรค์ประชารักษ์
►หนังสือทั่วไป
บนชั้น

BibComment


ยังไม่เคยถูกคอมเมนท์

คอมเมนท์ทรัพยากรรายการนี้
  คอมเมนท์: การรักษาโรคอ้วนส..


 Copyright 2026. Bcnsprnw @Library